000 00656nam a2200205Ia 4500
003 OSt
005 20251105090634.0
008 210210b1983 xxu||||| |||| 00| 0 eng d
040 _cAL
041 _aKannada
082 _aK894.109 SHRK
100 _aSHRIKANTAYYA (K).
_dಶ್ರೀಕಂಠಯ್ಯ (ಕೆ)
_9243932
245 _aKannada kavyagalalli samara chitragalu.
_bಕನ್ನಡ ಕಾವ್ಯಗಳಲ್ಲಿ ಸಮರ ಚಿತ್ರಗಳು.
260 _aMaisuru
_bPrasaranga
_c1983
300 _a124
650 _aSamara chitragalu
_9243933
690 _aKannada Poetry Criticism
_9243934
906 _aSG04287
942 _2ddc
_cBK
999 _c115006
_d115006